| 000 | 00709nam a2200217 a 4500 | ||
|---|---|---|---|
| 999 |
_c6917 _d6917 |
||
| 001 | 6917 | ||
| 003 | BD-JhCC | ||
| 005 | 20191126134020.0 | ||
| 008 | 180201s2008 bg a|||| ||a| 001 0 ben d | ||
| 035 | _a(BD-JhCC)6917 | ||
| 040 |
_aBD-JhCC _dBD-JhCC |
||
| 041 | _aben | ||
| 082 |
_a891.4409 _bMUR 2008 |
||
| 100 | _aমুরশিদ, গোলাম | ||
| 245 |
_aকালাপানির হাতছানি : _b বিলেতে বাঙালির ইতিহাস / _cগোলাম মুরশিদ, |
||
| 260 |
_aঢাকা : _bঅবসর প্রকাশনী, _c2008 |
||
| 300 |
_a315 p. : _c23 cm. |
||
| 650 | _aBengali Literature | ||
| 942 |
_2ddc _cBK _02 |
||